000 00583nam a2200277Ia 4500
005 20260401122454.0
008 008 250103s9999 xx 000 0 eng d
020 _a9788125056263
037 _aTB
040 _aEDL
040 _beng
040 _cEDL
041 _2eng
041 _aeng
084 _a409.54DEV
084 _qEDL
245 4 _aThe Languages of Uttarakhand
260 _aDelhi
260 _bOrient Blackswan
260 _c2015
300 _a284p
942 _cTB
942 _h409.54DEV
999 _c1847502
_d1847502